00457nam a2200181 a 4500001001300000003000900013005001700022008004100039020001000080082001600090100001900106245001900125260003100144300000900175500003500184650003700219700001900256nice12345678IN_TiNIC20260116011413.0070706s1893 dela grp 000 0 urd  ac10000a297.61bNAM aNamani, Shibli aSearatul Naman aDelhi bNo Publisherc1893 a164p aincludes index and biblioraphy aIslam-Biography-Ulama-Abu-Hanifa1 aNamani, Shibli